Statistics for Top Pine Nut Consuming Countries

Click here to take the quiz!

General Stats

  • This quiz has been taken 15 times
  • The average score is 7 of 10

Answer Stats

TonnesAnswer% Correct
3,659USA
100%
4,605China
93%
1,006UK
93%
3,304Russia
87%
2,214Italy
87%
2,295Germany
73%
902Australia
60%
1,545Netherlands
53%
634Israel
33%
3,868North Korea
13%

Score Distribution

Percentile by Number Answered

Percent of People with Each Score

Your Score History

You have not taken this quiz